| 000 | 00630aas a2200181 4500 | ||
|---|---|---|---|
| 999 |
_c50051 _d50051 |
||
| 001 | 768714001 | ||
| 003 | CO-MdFUSB | ||
| 005 | 20170905152405.0 | ||
| 008 | 170905s1993 ag ||||| |||| 00| 0 spa d | ||
| 022 | _a0326-6737 | ||
| 040 |
_aCO-MdFUSB _bspa _cCO-MdFUSB _dCO-MdFUSB |
||
| 041 | _aspa | ||
| 100 | 1 |
_aRooy, Sidney _eautor |
|
| 245 | 1 | 0 |
_aLa evangelización protestante en América Latina 150 años : _b una evaluación _c/ Rooy, Sidney |
| 300 |
_aVolumen 13. Número 1 (1993), páginas 47-73 _c: 23 cm. |
||
| 773 | 0 |
_tCuadernos de Teología _049404 _959708 _gVolumen 13. Número 1 (1993), páginas 47-73 _qPágina 47 |
|
| 942 | _cANA | ||